000 00922nam a2200289Ia 4500
003 GCL
005 20240530105444.0
008 140319s9999 xx 000 0 ara d
040 _aGCL /
_cGCL
082 0 4 _a343.094
_bم و
100 1 _aمعوض عبدالتواب
245 1 0 _aالوسيط فى شرح قانون المرور ولائحته التنفيذية /
_cمعوض عبدالتواب
260 _a[S.N] :
_bمنشاة المعارف الاسلامية ،
_c1988
300 _a235 ص
490 _aسلسلة الكتب القانونية
_v0
650 0 4 _aالقانون
650 0 4 _aالسيارات
650 0 4 _aمصر
650 0 4 _aالتنظيم
650 0 4 _aالمرور
650 0 4 _aهندسة الطرق
650 0 4 _aهندسة المرور
650 0 4 _aتنظيم الاسرة
650 0 4 _aالنقل الداخلى
650 0 4 _aمحاكم المرور
942 _2ddc
_cBK
999 _c56215
_d56215